[Event "Barcelona La Lira op 39th"]
[Site "Barcelona"]
[Date "2023.03.10"]
[Round "8"]
[White "Ntutumu Alene, Ireneo Bartolome"]
[Black "Barcelo Moraguez, Amadeu"]
[Result "1-0"]
[WhiteElo "1499"]
[BlackElo "1640"]
[PlyCount "67"]
[EventDate "2023.01.20"]
[EventType "swiss"]
[EventRounds "8"]
[EventCountry "ESP"]
[SourceTitle "CBM 213 Extra"]
[Source "ChessBase"]
[SourceDate "2023.05.31"]
[SourceVersion "1"]
[SourceVersionDate "2023.05.31"]
[SourceQuality "1"]

1. e4 e5 2. Nf3 Nc6 3. c3 d5 4. Qa4 Qd7 5. Bb5 Qe6 6. 0-0 Bd7 7. Re1 Bd6 8. d4 Nf6 9. dxe5 Nxe5 10. Bxd7+ Nfxd7 11. Nd4 Qg6 12. exd5 0-0 13. Bf4 Rfe8 14. Nd2 Nc5 15. Qc2 Qh5 16. Bxe5 Rxe5 17. Rxe5 Qxe5 18. N2f3 Qxd5 19. Rd1 Qxa2 20. Nf5 Rd8 21. Nxd6 Rxd6 22. Re1 Re6 23. Rd1 Rd6 24. Re1 Ne6 25. h3 a5 26. Nd4 Rb6 27. Qf5 c5 28. Qxc5 Rxb2 29. Qc8+ Nf8 30. Re8 Qa3 31. Nf5 Re2 32. Rxe2 Qc1+ 33. Kh2 Qf4+ 34. g3 1-0